=LDR 00000nam 2200000 4500 =001 INLIS000000000038361 =005 20130612144030 =008 ***********************************Ind** =035 ##$$0010-061300000038361 =041 ##$$a Ind =082 ##$$a 641.86 =090 ##$$a 641.86, Dua d =245 ##$$a 25 resep kue paling diminati, Mouse cake mini, Editor, Intarina Hardiman =260 ##$$a 2010 $b Jakarta =300 ##$$a 59 hlm, Ilus, 22 cm =650 ##$$a Kue Resep =700 ##$$a Hardiman, Intarina =850 ##$$a NBPNMAT =990 ##$$a 0001/BPAP-NTB/20142015